000 01128cam a2200265Ki 4500
020 _a9783642292804 (electronic bk.)
020 _a3642292801 (electronic bk.)
040 _cGW5XE
082 0 4 _a004 MOY 2004 C161 Or.
245 1 0 _aAdvanced computing, networking and security :
_bInternational Conference, ADCONS 2011, Surathkal, India, December 16-18, 2011 : revised selected papers /
246 3 0 _aADCONS 2011
300 _a1 online resource (xvii, 641 pages) :
_billustrations (some color).
490 1 _aLecture notes in computer science,
490 1 _aLNCS sublibrary. SL 3, Information systems and application, incl. Internet/Web and HCI
650 0 _aComputer science
650 0 _aComputer networks
650 0 _aComputer security
650 0 _aComputer network architectures
700 1 _aThilagam, P. Santhi.
710 2 _aOhio Library and Information Network.
856 4 0 _uhttp://rave.ohiolink.edu/ebooks/ebc/9783642292804
856 4 0 _uhttp://dx.doi.org/10.1007/978-3-642-29280-4
856 4 0 _uhttp://proxy.ohiolink.edu:9099/login?url=http://dx.doi.org/10.1007/978-3-642-29280-4
942 _cAEDBB
999 _c19280
_d19280